Capitals by flag - Statistics

General Stats
  • This quiz has been taken 29 times
  • The average score is 16 of 16
Answer Stats
Picture Answer % Correct
Beijing
100%
Berlin
100%
London
100%
Madrid
100%
Paris
100%
Rome
100%
Seoul
100%
Tokyo
100%
Washington DC
100%
Canberra
97%
Mexico City
97%
Moscow
97%
New Delhi
97%
Warsaw
97%
Cairo
93%
Vienna
93%
No matching quizzes found
Score Distribution
Percent of People with Each Score
Percentile by Number Answered
Your Score History
You have not taken this quiz